000 01590aam a2200325 i 4500
999 _c45779
_d45779
001 768714001
003 CO-MdFUSB
005 20201021105040.0
007 ta
008 200513t1957 enk||||| |||| 00| 0 eng d
020 _a[No incluye ISBN]
040 _bspa.
_aCO-MdFUSB
_cCO-MdFUSB
_dCO-MdFUSBC
_erda
041 _aeng
082 _223
_a226.07
_bK745
100 1 _aKnox, Wilfred L.
_eautor
245 1 4 _aThe sources of the synoptic gospels
_c/ Wilfred L. Knox ; editado por H. Chadwick
264 1 _aCambridge, Inglaterra :
_bCambridge University Press,
_c[1957]
264 4 _c© 1957
300 _a2 volúmenes
_c; 23 cm
336 _atexto
_btxt
_2rdacontent
337 _2rdamedia
_asin mediación
_bn
338 _2rdacarrier
_avolumen
_bnc
505 _aVolumen 1: St Mark - El primer grupo de historias de conflicto - Jesús y los demonios - El libro de parábolas - Libros de milagros - Nazarét y Juan el Bautista - Corban y diversos incidentes - Un libro de milagros locales - La sección central - La entrada a Jersalén - ¿Un segundo grupo de historias de conflicto? - La advertencia contra los escribas - El "pequeño apocalipsis" - La historia de la pasión - La historia de la resurrección Volumen 2: St Luke & St Matthew - La cuestión de Q - Las fuentes de Lucas - Las fuentes de Mateo - El problema de autenticidad - Los dichos de Oxyrhynchus
563 _aPasta dura
630 7 _aBiblia.
_pNuevo Testamento
_xCrítica, interpretación, etc.
700 _93666
_aChadwick, H.
_eeditor
942 _cBK
945 _aJTF-925